[Event "Qatar Masters Open 2024"]
[Site "Doha QAT"]
[Date "2024.12.07"]
[Round "5.51"]
[White "Amartuvshin, Ganzorig"]
[Black "Priansh, Das"]
[Result "1/2-1/2"]
[WhiteTitle "IM"]
[WhiteElo "2392"]
[BlackElo "2311"]
[WhiteFideId "4902548"]
[BlackFideId "45029946"]
[EventDate "2024.12.03"]

1. d4 Nf6 2. c4 g6 3. Nc3 Bg7 4. e4 d6 5. Be2 O-O 6. Nf3 e5 7. O-O Nc6 8. d5 Ne7
9. b4 a5 10. Ba3 axb4 11. Bxb4 b6 12. a4 Ne8 13. Qb3 Rb8 14. Nb5 f5 15. Nd2 fxe4
16. Nxe4 Nf5 17. Qd1 Nd4 18. Nxd4 exd4 19. Bg4 Nf6 20. Bxc8 Nxe4 21. Be6+ Kh8
22. Qg4 Nc3 23. f4 Qf6 24. Kh1 Ra8 25. Bd7 Rf7 26. g3 Re7 27. Be6 c5 28. Bxc3
dxc3 29. Ra2 Rea7 30. Bd7 Qd4 31. Bc6 Qxc4 32. Qe2 Qxe2 33. Rxe2 Rf8 34. Rb1 Rb8
35. Kg2 Bd4 36. Kf3 Kg8 37. h4 Kf7 38. Rbe1 Rc8 39. Re6 Rcc7 40. g4 Re7 41. f5
gxf5 42. gxf5 Rxe6 43. fxe6+ Kf6 44. h5 h6 45. Bb5 Ke7 46. Ke2 Ra8 47. Rf1 Rf8
48. Rxf8 Kxf8 49. Bd3 Ke7 50. Kd1 Kf6 51. Kc2 Ke7 52. Kb3 Kd8 53. Kc4 Bf6 54.
Bc2 Kc7 1/2-1/2

[Event "Qatar Masters Open 2024"]
[Site "Doha QAT"]
[Date "2024.12.07"]
[Round "5.53"]
[White "Pham, Le Thao Nguyen"]
[Black "Jain, Kashish Manoj"]
[Result "1/2-1/2"]
[WhiteTitle "IM"]
[BlackTitle "FM"]
[WhiteElo "2384"]
[BlackElo "2308"]
[WhiteFideId "12401226"]
[BlackFideId "35081098"]
[EventDate "2024.12.03"]

1. d4 d5 2. Nf3 Nf6 3. c4 c6 4. e3 Bf5 5. Nc3 e6 6. Nh4 Bg6 7. Nxg6 hxg6 8. Qb3
Qc7 9. g3 Nbd7 10. Bd2 Be7 11. Rc1 Nb6 12. cxd5 exd5 13. Bg2 Nc4 14. Qc2 Qd7 15.
Na4 b5 16. Nc3 Bb4 17. Nb1 Nxd2 18. Nxd2 O-O 19. O-O Rfc8 20. Nb3 Bd6 21. Qe2 a5
22. Nc5 Qe7 23. Rc2 Rc7 24. Rfc1 Nd7 25. Nd3 Rac8 26. Qd2 b4 27. b3 Qe6 28. Nb2
Qf5 29. Na4 c5 30. dxc5 Nxc5 31. Nb6 Nxb3 32. Rxc7 Nxd2 33. Rxc8+ Kh7 34. Bxd5
Be5 35. Rf8 Bb2 36. Bxf7 Nf3+ 37. Kh1 Qh5 38. Bg8+ Kh6 39. Kg2 Bxc1 40. Rxf3 Qb5
41. Nc4 Qb8 42. Bd5 a4 43. Rf7 b3 44. axb3 a3 45. Nxa3 Bxa3 46. g4 Bc1 47. Rf3 1/2-1/2

[Event "Qatar Masters Open 2024"]
[Site "Doha QAT"]
[Date "2024.12.07"]
[Round "5.54"]
[White "Bukreev, Stanislav"]
[Black "Sriansh Das"]
[Result "1-0"]
[WhiteTitle "FM"]
[WhiteElo "2384"]
[BlackElo "2315"]
[WhiteFideId "34252347"]
[BlackFideId "45030081"]
[EventDate "2024.12.03"]

1. d4 d5 2. c4 dxc4 3. Nf3 Nf6 4. e3 e6 5. Bxc4 c5 6. O-O a6 7. Re1 b5 8. Bf1
Bb7 9. a4 b4 10. Nbd2 Nbd7 11. e4 cxd4 12. e5 Nd5 13. Nxd4 Be7 14. Qg4 g6 15.
N2f3 h5 16. Qg3 Nc5 17. h4 Kf8 18. a5 Kg7 19. Bg5 Rc8 20. Bc4 Rc7 21. Bxd5 Bxd5
22. Bf6+ Bxf6 23. exf6+ Kxf6 24. Nf5 1-0

[Event "Qatar Masters Open 2024"]
[Site "Doha QAT"]
[Date "2024.12.07"]
[Round "5.55"]
[White "Jin, Yueheng"]
[Black "Kiolbasa, Oliwia"]
[Result "1-0"]
[WhiteTitle "IM"]
[BlackTitle "IM"]
[WhiteElo "2309"]
[BlackElo "2371"]
[WhiteFideId "8616868"]
[BlackFideId "1154613"]
[EventDate "2024.12.03"]

1. c4 e6 2. g3 d5 3. Bg2 d4 4. Nf3 Nc6 5. O-O Nh6 6. d3 Nf5 7. e4 dxe3 8. fxe3
h5 9. Nc3 h4 10. Ne4 hxg3 11. hxg3 Be7 12. d4 g5 13. d5 Nb4 14. Ne5 Bd6 15. Ng4
exd5 16. cxd5 Qe7 17. Bd2 Nxd5 18. Nxd6+ Qxd6 19. Bxd5 Qxg3+ 20. Bg2 Nd6 21.
Nf6+ Kf8 22. Qf3 Qh4 23. Bc3 Be6 24. Be5 Nc4 25. Bg3 Qh6 26. Qxb7 Kg7 27. Qe4
Rad8 28. Ng4 Bxg4 29. Qxc4 Be6 30. Be5+ Kg8 31. Qxc7 Rc8 32. Qd6 Rh7 33. Rf6 Qh4
34. Rg6+ 1-0

[Event "Qatar Masters Open 2024"]
[Site "Doha QAT"]
[Date "2024.12.07"]
[Round "5.56"]
[White "Heinemann, Josefine"]
[Black "Dixit, Nikhil"]
[Result "1-0"]
[WhiteTitle "WGM"]
[BlackTitle "FM"]
[WhiteElo "2305"]
[BlackElo "2361"]
[WhiteFideId "12900460"]
[BlackFideId "5059534"]
[EventDate "2024.12.03"]

1. e4 c5 2. Nf3 Nc6 3. Bb5 g6 4. O-O Bg7 5. Re1 Nf6 6. Bxc6 dxc6 7. d3 O-O 8. h3
a5 9. a4 Qc7 10. e5 Nd5 11. Nbd2 b6 12. Nc4 Be6 13. Qe2 Rad8 14. Ng5 Bc8 15. Nf3
f6 16. b3 g5 17. Nh2 h6 18. Bb2 Nf4 19. Qe3 Nd5 20. Qe2 Nf4 21. Qe3 f5 22. Qd2
Be6 23. h4 Bd5 24. hxg5 hxg5 25. f3 Bxc4 26. bxc4 Ne6 27. Nf1 Kf7 28. Rab1 Rh8
29. Ng3 Kg6 30. Qe3 Rh4 31. Nxf5 Kxf5 32. g3 Rdh8 33. gxh4 Rxh4 34. Re2 Nf4 35.
Rh2 Rxh2 36. Kxh2 Qc8 37. Rh1 Kg6 38. Qe4+ Kf7 39. Kg3 Qe6 40. Kf2 Nh3+ 41. Ke1
Nf4 42. Bc3 Ng6 43. Kd1 Nf4 44. Kc1 Qg6 45. Qxg6+ Kxg6 46. Kd2 Bh6 47. Ke1 Ne6
48. Kf2 Nc7 49. Rb1 Na8 50. e6 Kf5 51. Rh1 Kg6 52. Kg3 Nc7 53. Rb1 Na8 54. Kg4
Bf8 55. Be5 Bh6 56. Rh1 1-0

[Event "Qatar Masters Open 2024"]
[Site "Doha QAT"]
[Date "2024.12.07"]
[Round "5.58"]
[White "Socko, Monika"]
[Black "Vaibhav, Jayant Raut"]
[Result "0-1"]
[WhiteTitle "GM"]
[BlackTitle "CM"]
[WhiteElo "2402"]
[BlackElo "2304"]
[WhiteFideId "1106619"]
[BlackFideId "5089034"]
[EventDate "2024.12.03"]

1. d4 Nf6 2. c4 e6 3. Nc3 Bb4 4. Bd2 O-O 5. Nf3 b6 6. e3 Bb7 7. Rc1 d6 8. a3
Bxc3 9. Bxc3 Nbd7 10. Be2 Ne4 11. O-O Nxc3 12. Rxc3 a5 13. Nd2 e5 14. Bf3 Qc8
15. Bxb7 Qxb7 16. d5 f5 17. e4 a4 18. exf5 Rxf5 19. Qg4 Rf7 20. Ne4 Nc5 21. Ng5
Rf4 22. Qh5 h6 23. Nh3 Rf6 24. Qe2 Raf8 25. f3 b5 26. Nf2 Rf4 27. cxb5 Qxd5 28.
Rd1 Qb7 29. Nh3 R4f7 30. Nf2 Rb8 31. Ne4 Ne6 32. Rd2 Nd4 33. Qd3 Nxb5 34. Rc1
Nd4 35. Rf1 Qa7 36. Kh1 Qa8 37. Rdf2 Rb3 38. Nc3 Nb5 39. Qe4 Qxe4 40. Nxe4 Rd3
41. Kg1 Rf8 42. Rc1 Rb8 43. Rc6 Kf7 44. Rfc2 Ke7 45. h4 Kd7 46. R6c4 Rd4 47. Ng3
Rxc4 48. Rxc4 Nd4 49. Rxa4 Rxb2 50. Ra8 Ne6 51. Nf5 Nf4 52. g4 e4 53. fxe4 Rg2+
54. Kf1 Rxg4 55. Kf2 Nd3+ 56. Kf3 Ne5+ 57. Ke3 g6 58. Nxh6 Rxh4 59. Ng8 Ke6 60.
a4 Rh8 61. Rf8 g5 62. Rf6+ Kd7 63. Rf8 Rh3+ 64. Kf2 g4 65. Kg2 Ra3 66. Rf4 Rxa4
67. Nf6+ Kc6 68. Rf2 Kc5 69. Rd2 c6 70. Ne8 Nc4 71. Rd3 Ra2+ 72. Kg3 Re2 73. Kf4
Rd2 74. Rxd2 Nxd2 75. Ng7 g3 76. Ne6+ Kc4 77. Kxg3 Nxe4+ 78. Kf3 d5 79. Kf4 Nc5
80. Nd8 Nd3+ 81. Ke3 d4+ 82. Kd2 c5 83. Nf7 Nb4 84. Nd6+ Kd5 85. Nb5 c4 86. Na3
c3+ 87. Ke2 Ke4 88. Kd1 d3 89. Kc1 Ke3 90. Nc4+ Ke2 0-1

[Event "Qatar Masters Open 2024"]
[Site "Doha QAT"]
[Date "2024.12.07"]
[Round "5.59"]
[White "Kamalidenova, Meruert"]
[Black "Bagwe, Gaurang"]
[Result "0-1"]
[WhiteTitle "IM"]
[BlackTitle "FM"]
[WhiteElo "2378"]
[BlackElo "2302"]
[WhiteFideId "13712802"]
[BlackFideId "45039895"]
[EventDate "2024.12.03"]

1. e4 e5 2. Nf3 Nc6 3. Bb5 a6 4. Ba4 Nf6 5. Nc3 b5 6. Bb3 Bc5 7. O-O d6 8. Nd5
O-O 9. d4 exd4 10. Bg5 Bg4 11. Qc1 Bh5 12. Nh4 Bg6 13. Nf5 Bxf5 14. exf5 Nb4 15.
Nxf6+ gxf6 16. Bh4 Kg7 17. Re1 d3 18. Re4 h6 19. Qf4 Kh7 20. cxd3 Nxd3 21. Qf3
Ne5 22. Qh5 Qe7 23. Kh1 d5 24. Bxd5 Rad8 25. Bb3 Rd4 26. Rae1 Rxe4 27. Rxe4 Qd6
28. f4 Nc4 29. Re1 Kg7 30. Qf3 Bd4 31. Bc2 Bxb2 32. Rd1 Bd4 33. Rd3 Re8 34. Qg4+
Kf8 35. Bg3 Ne3 36. Qe2 Nxc2 37. Qxc2 Qxf4 38. Rd1 Qg4 39. Bxc7 Re2 40. Qc6 Qe4
41. Qd6+ Kg7 42. Qg3+ Kh7 43. Ba5 Be5 44. Qh3 Rxa2 45. Bb6 Ra1 46. Rxa1 Bxa1 47.
Qb3 Qc4 48. Qd1 Be5 49. Be3 Bf4 50. Bxf4 Qxf4 51. h3 Qxf5 52. Qd2 Qf1+ 53. Kh2
Qc4 0-1

[Event "Qatar Masters Open 2024"]
[Site "Doha QAT"]
[Date "2024.12.07"]
[Round "5.60"]
[White "Arun, Kataria"]
[Black "Zhukova, Natalia"]
[Result "1-0"]
[WhiteTitle "FM"]
[BlackTitle "GM"]
[WhiteElo "2370"]
[BlackElo "2302"]
[WhiteFideId "46630368"]
[BlackFideId "14101513"]
[EventDate "2024.12.03"]

1. e4 e6 2. d4 d5 3. Nc3 Nf6 4. e5 Nfd7 5. f4 c5 6. Nf3 Nc6 7. Be3 a6 8. a3 b5
9. dxc5 Bxc5 10. Bxc5 Nxc5 11. b4 Nd7 12. Bd3 Qb6 13. Qd2 Bb7 14. Ne2 f6 15.
exf6 gxf6 16. O-O-O O-O-O 17. g4 Kb8 18. g5 e5 19. Bf5 e4 20. Nfd4 Ne7 21. Bh3
Qd6 22. Bxd7 Rxd7 23. Nb3 f5 24. Nc5 Rc7 25. Nd4 Bc8 26. h4 h5 27. gxh6 Rxh6 28.
h5 Ng8 29. Rdg1 Nf6 30. Rg5 Ng4 31. Ne2 Rxc5 32. bxc5 Qxc5 33. Qc3 Qxc3 34. Nxc3
d4 35. Ne2 d3 36. cxd3 Rc6+ 37. Kd2 e3+ 38. Ke1 Nf2 39. Rh2 Nxd3+ 40. Kf1 Rc2
41. Rg3 Rb2 42. Rxe3 Nxf4 43. h6 Nd5 44. Re8 Nf6 45. h7 Rb1+ 46. Kg2 1-0

[Event "Qatar Masters Open 2024"]
[Site "Doha QAT"]
[Date "2024.12.07"]
[Round "5.61"]
[White "Fandi, Mazen"]
[Black "Aitbayev, Aslan"]
[Result "1/2-1/2"]
[BlackTitle "IM"]
[WhiteElo "2278"]
[BlackElo "2369"]
[WhiteFideId "7611625"]
[BlackFideId "13704613"]
[EventDate "2024.12.03"]

1. e4 c6 2. d4 d5 3. Nc3 dxe4 4. Nxe4 Nf6 5. Nxf6+ exf6 6. c3 Bd6 7. Bd3 O-O 8.
Qc2 Re8+ 9. Ne2 h5 10. O-O h4 11. h3 Nd7 12. Be3 Nf8 13. Rae1 Be6 14. c4 Rc8 15.
Nc3 Bb8 16. f4 f5 17. Qf2 Ng6 18. Rd1 Qa5 19. Rfe1 Bd7 20. d5 Rxe3 21. Rxe3 Bxf4
22. Rf3 Bg3 23. Rxg3 hxg3 24. Qxg3 cxd5 25. cxd5 Qc5+ 26. Qf2 Ne5 27. Qxc5 Rxc5
28. Kf2 f4 29. Be2 f5 30. h4 Nc4 31. Bxc4 Rxc4 32. Rd2 Kf7 33. Ne2 Kf6 34. b3
Rb4 35. Nd4 Ke5 36. Nf3+ Kd6 37. Ng5 Ke5 38. Nf7+ Kf6 39. Ng5 a5 40. d6 Ke5 41.
Nf7+ Kf6 42. Ng5 Ke5 43. Nf7+ Kf6 44. Ng5 Ke5 45. Nf7+ Kf6 1/2-1/2

[Event "Qatar Masters Open 2024"]
[Site "Doha QAT"]
[Date "2024.12.07"]
[Round "5.62"]
[White "Sultan, Ibrahim"]
[Black "Munguntuul, Batkhuyag"]
[Result "0-1"]
[WhiteTitle "IM"]
[BlackTitle "IM"]
[WhiteElo "2205"]
[BlackElo "2342"]
[WhiteFideId "9301143"]
[BlackFideId "4900758"]
[EventDate "2024.12.03"]

1. Nf3 d5 2. g3 Bg4 3. Bg2 Nd7 4. d4 Ngf6 5. Ne5 Bf5 6. O-O e6 7. c4 c6 8. Nc3
Bd6 9. Bf4 Qb8 10. Nxd7 Nxd7 11. Bxd6 Qxd6 12. e4 dxe4 13. Bxe4 O-O 14. Bxf5
exf5 15. Qf3 Qf6 16. Rad1 Rad8 17. b3 Rfe8 18. Qf4 Nf8 19. Qd2 Ne6 20. Rfe1 h5
21. d5 h4 22. Qe2 Nc7 23. Qf3 Rxe1+ 24. Rxe1 cxd5 25. Nxd5 Nxd5 26. cxd5 g6 27.
gxh4 Qxh4 28. Rd1 Kg7 29. a4 b6 30. h3 Rd6 31. Kh2 a5 32. Qc3+ Qf6 33. Qe3 Rd7
34. Kg2 Re7 35. Qf3 Rd7 36. Rd3 Qe5 37. Rd1 Kf6 38. Kg1 Rd6 39. Qd3 g5 40. Kf1
Kg6 41. Kg2 Qe4+ 42. Qf3 Kf6 43. Rd3 Qxf3+ 44. Kxf3 Ke5 45. Ke2 f4 46. Rc3 Rxd5
47. Rc6 Rd6 48. Rc7 f6 49. Re7+ Re6 50. Rd7 Rc6 51. Rb7 Kd4 52. Kd2 Ke4 53. Ke2
Rc2+ 54. Ke1 Kf3 55. Rxb6 f5 56. b4 axb4 57. Rxb4 Re2+ 58. Kd1 Rxf2 59. Rb3+ Kg2
60. a5 Ra2 61. Rb5 f3 62. Rxf5 g4 0-1

[Event "Qatar Masters Open 2024"]
[Site "Doha QAT"]
[Date "2024.12.07"]
[Round "5.63"]
[White "Baradaran Tamadon, Arian"]
[Black "Munkhzul, Turmunkh"]
[Result "0-1"]
[WhiteTitle "FM"]
[BlackTitle "WGM"]
[WhiteElo "2334"]
[BlackElo "2301"]
[WhiteFideId "12595837"]
[BlackFideId "4901878"]
[EventDate "2024.12.03"]

1. e4 e5 2. Nf3 Nf6 3. Nxe5 d6 4. Nf3 Nxe4 5. c4 Be7 6. Nc3 Nxc3 7. dxc3 Nc6 8.
Be3 Bg4 9. Qc2 Qd7 10. O-O-O Bf5 11. Bd3 Bxd3 12. Qxd3 O-O-O 13. Bd4 Nxd4 14.
Qxd4 Qa4 15. Qxg7 Qxc4 16. Rd4 Qxa2 17. Re1 Rdg8 18. Qh6 Bd8 19. Qh3+ Kb8 20. g3
Bf6 21. Rf4 Bg5 22. Nxg5 Qa1+ 23. Kc2 Qxe1 24. Nxf7 Re8 25. Nxh8 Re2+ 26. Kb3
Qd1+ 27. Ka2 Qd5+ 28. Ka3 Qa5+ 29. Ra4 Qc5+ 30. Kb3 Qd5+ 31. Ka3 Re1 32. b3 Qc5+
33. Kb2 Qxf2+ 34. Ka3 Ra1+ 0-1

[Event "Qatar Masters Open 2024"]
[Site "Doha QAT"]
[Date "2024.12.07"]
[Round "5.64"]
[White "Aziz, Husain"]
[Black "Nayak, Rajesh"]
[Result "1/2-1/2"]
[WhiteTitle "IM"]
[BlackTitle "CM"]
[WhiteElo "2329"]
[BlackElo "2292"]
[WhiteFideId "12100293"]
[BlackFideId "35017152"]
[EventDate "2024.12.03"]

1. d4 Nf6 2. Nf3 e6 3. Bf4 c5 4. e3 Nc6 5. Nbd2 d5 6. c3 cxd4 7. exd4 Nh5 8. Be3
Bd6 9. Ne5 g6 10. Nd3 Ng7 11. Be2 O-O 12. O-O Qc7 13. g3 Nf5 14. Bf4 b6 15. Re1
Ba6 16. Bxd6 Qxd6 17. Nf3 f6 18. a3 Rae8 19. Nb4 Bxe2 20. Qxe2 a5 21. Nd3 g5 22.
Rad1 Qd7 23. Kg2 Nd6 24. h4 h6 25. hxg5 hxg5 26. Rh1 Kg7 27. Nh2 Qf7 28. Ng4 Qg6
29. f3 Nf5 30. Rh3 Qf7 31. Rdh1 Rh8 32. f4 Rxh3 33. Rxh3 Rh8 34. Rxh8 Kxh8 35.
fxg5 fxg5 36. Nde5 Nxe5 37. Qxe5+ Kh7 38. Qb8 Nh6 39. Ne5 Qf5 40. Qc7+ Kh8 41.
Qd8+ Kg7 42. Qe7+ Kg8 43. Qe8+ Kg7 44. Qe7+ Kg8 45. Qe8+ Kg7 46. Qd7+ Kg8 47.
Qb5 Qe4+ 48. Kf2 Qc2+ 49. Qe2 Qf5+ 50. Kg2 a4 51. Qb5 Qe4+ 52. Kf2 Qc2+ 53. Ke1
Qc1+ 54. Kf2 Qc2+ 55. Ke1 Qc1+ 56. Kf2 1/2-1/2

[Event "Qatar Masters Open 2024"]
[Site "Doha QAT"]
[Date "2024.12.07"]
[Round "5.65"]
[White "Abdulla, Murad"]
[Black "Luong Phuong Hanh"]
[Result "1-0"]
[WhiteTitle "FM"]
[BlackTitle "WIM"]
[WhiteElo "2321"]
[BlackElo "2225"]
[WhiteFideId "2403757"]
[BlackFideId "12401013"]
[EventDate "2024.12.03"]

1. e4 e6 2. d3 c5 3. g3 d5 4. Qe2 Nf6 5. Nf3 Nc6 6. Bg2 d4 7. e5 Nd7 8. O-O Be7
9. h4 O-O 10. Re1 Rb8 11. h5 Qc7 12. h6 g6 13. Bf4 Nb4 14. c4 b5 15. a3 Nc6 16.
Nbd2 bxc4 17. Nxc4 Ba6 18. Rac1 Na5 19. Nd6 Qb6 20. Bg5 Bxg5 21. Nxg5 Qxb2 22.
Qf3 Qb6 23. Nge4 Qd8 24. Nxc5 Nxc5 25. Rxc5 f5 26. Qd1 Qb6 27. Qa4 Qxc5 28. Qd7 1-0

[Event "Qatar Masters Open 2024"]
[Site "Doha QAT"]
[Date "2024.12.07"]
[Round "5.66"]
[White "Omar, Noaman"]
[Black "Jaiveer, Mahendru"]
[Result "0-1"]
[WhiteTitle "IM"]
[BlackTitle "FM"]
[WhiteElo "2315"]
[BlackElo "2271"]
[WhiteFideId "9300244"]
[BlackFideId "25611151"]
[EventDate "2024.12.03"]

1. d4 d5 2. c4 e6 3. Nc3 Nf6 4. cxd5 exd5 5. Bg5 c6 6. e3 h6 7. Bh4 Be7 8. Bd3
O-O 9. f3 Re8 10. Nge2 Qb6 11. a3 Ng4 12. Bf2 Nxf2 13. Kxf2 Bh4+ 14. g3 Bg5 15.
f4 Bd8 16. Qd2 Nd7 17. Rac1 Nf6 18. h3 Bd7 19. b4 a5 20. Na4 Qc7 21. b5 Qd6 22.
Nc5 cxb5 23. Nxb7 Qxa3 24. Nc5 Be7 25. Rc3 Qb4 26. Qc2 Bxc5 27. dxc5 d4 28. Nxd4
Rxe3 29. Kxe3 Nd5+ 30. Kd2 Qxd4 31. Re1 Nb4 32. Qb1 Bf5 33. Re5 Rd8 34. Rxf5
Qf2+ 35. Kc1 Na2+ 36. Qxa2 Qxa2 37. c6 b4 0-1

[Event "Qatar Masters Open 2024"]
[Site "Doha QAT"]
[Date "2024.12.07"]
[Round "5.67"]
[White "Wafa, Hamed"]
[Black "Bhagat Kush"]
[Result "1-0"]
[WhiteTitle "IM"]
[BlackTitle "FM"]
[WhiteElo "2359"]
[BlackElo "2288"]
[WhiteFideId "10628452"]
[BlackFideId "46672940"]
[EventDate "2024.12.03"]

1. c4 Nf6 2. g3 g6 3. Nc3 Bg7 4. Bg2 O-O 5. d4 d6 6. h3 Nc6 7. Nf3 e5 8. Be3
exd4 9. Nxd4 Bd7 10. O-O Re8 11. Qd2 Nxd4 12. Bxd4 Bc6 13. Nd5 Bxd5 14. cxd5 Nd7
15. Bxg7 Kxg7 16. Rac1 Kg8 17. Qc2 Rc8 18. b4 Nf6 19. Rfd1 Qd7 20. Qb2 Qf5 21.
Rd4 Qe5 22. e3 Re7 23. a4 h5 24. Qb3 Nd7 25. a5 a6 26. Rdc4 Nf6 27. Qd3 Qb2 28.
Rb1 Qe5 29. Rd4 Nd7 30. Rc1 Qf6 31. Qc3 Ne5 32. Rf4 Qg7 33. h4 Ng4 34. Qd2 Qe5
35. Bf3 Nf6 36. Rfc4 Qf5 37. Kg2 Qe5 38. Qd1 Kh7 39. Qd3 Kg8 40. Rb1 Nd7 41.
Rbc1 Qb2 42. Qc3 Qxc3 43. R4xc3 Nf6 44. Kf1 Kf8 45. Bg2 Ng4 46. Rb1 Ra8 47. Ke1
f5 48. Bf3 Nf6 49. Rbc1 Rc8 50. Rb3 Ra8 51. b5 axb5 52. Rxb5 Ra7 53. Rc4 Ke8 54.
Rcb4 Kd7 55. Be2 Kc8 56. Rxb7 Nxd5 57. Rxa7 Nxb4 58. a6 Re5 59. Ra8+ Kd7 60. Rb8
Nxa6 61. Bxa6 Ke7 62. Bd3 Ra5 63. Ke2 d5 64. Rg8 Kf7 65. Rc8 c5 66. Rc7+ Kf6 67.
Rc6+ Kf7 68. Ra6 1-0

[Event "Qatar Masters Open 2024"]
[Site "Doha QAT"]
[Date "2024.12.07"]
[Round "5.68"]
[White "Garv, Rai"]
[Black "Jeet, Jain"]
[Result "1-0"]
[BlackTitle "FM"]
[WhiteElo "2277"]
[BlackElo "2301"]
[WhiteFideId "35049593"]
[BlackFideId "5073022"]
[EventDate "2024.12.03"]

1. d4 Nf6 2. Bf4 e6 3. e3 c5 4. Nf3 cxd4 5. exd4 b6 6. Nbd2 Ba6 7. Bxa6 Nxa6 8.
c3 Be7 9. h3 O-O 10. a4 Nc7 11. O-O d6 12. Bh2 Qd7 13. Qe2 a6 14. Rfc1 b5 15. a5
Ncd5 16. b3 Rfc8 17. c4 Nb4 18. Nf1 Rab8 19. Ne3 Rb7 20. Qd1 Bd8 21. Qe2 h6 22.
Rd1 Bc7 23. d5 e5 24. c5 dxc5 25. d6 Bxd6 26. Bxe5 Ne8 27. Bxd6 Nxd6 28. Qd2 Rd8
29. Qc3 Qc8 30. Rac1 Ne4 31. Qe5 Re8 32. Qh5 Qe6 33. Qg4 Qxg4 34. hxg4 Nc6 35.
Ra1 Rd8 36. Rxd8+ Nxd8 37. Ne5 f6 38. Rd1 Ne6 39. Nc6 Rc7 40. Nd5 Rf7 41. Re1
Nd2 42. Rxe6 Nxb3 43. Nce7+ Kh7 44. Rxa6 c4 45. Rc6 Nxa5 46. Rc5 Nb3 47. Rxb5 g6
48. Rb4 Nd2 49. Rb6 f5 50. Rxg6 Rf8 51. Nf6+ Kh8 52. Nxf5 1-0

[Event "Qatar Masters Open 2024"]
[Site "Doha QAT"]
[Date "2024.12.07"]
[Round "5.69"]
[White "Yakubbaeva, Nilufar"]
[Black "Binu, Devdutt"]
[Result "0-1"]
[WhiteTitle "WGM"]
[BlackTitle "CM"]
[WhiteElo "2241"]
[BlackElo "2274"]
[WhiteFideId "14204487"]
[BlackFideId "366108941"]
[EventDate "2024.12.03"]

1. Nf3 Nf6 2. c4 g6 3. Nc3 Bg7 4. e4 e5 5. g3 O-O 6. Bg2 Nc6 7. d3 d6 8. h3 Ne8
9. O-O f5 10. exf5 Bxf5 11. Nd5 Nf6 12. Ng5 h6 13. Nxf6+ Qxf6 14. Ne4 Qe7 15. g4
Be6 16. Be3 a5 17. Qd2 Kh7 18. Rae1 Qd7 19. f4 exf4 20. Rxf4 Rxf4 21. Bxf4 Rf8
22. Rf1 d5 23. cxd5 Bxd5 24. a3 Nd4 25. Be3 Rxf1+ 26. Kxf1 Qf7+ 27. Qf2 Qxf2+
28. Kxf2 c6 29. Nd6 Bxg2 30. Kxg2 Nc2 31. Bd2 b5 32. b3 Bf8 33. Ne4 b4 34. axb4
axb4 35. Bf4 Ne1+ 36. Kf2 Nxd3+ 37. Ke3 Nc1 38. Nd2 Bg7 39. Ke4 Bc3 40. h4 c5
41. Nb1 Nxb3 42. Kd5 Be1 43. Kc4 Nd4 44. h5 g5 45. Bd6 Ne6 46. Kd5 Kg8 47. Kxe6
c4 48. Kd5 c3 49. Nxc3 bxc3 50. Ba3 c2 51. Ke4 Bd2 52. Kf5 Kf7 0-1

[Event "Qatar Masters Open 2024"]
[Site "Doha QAT"]
[Date "2024.12.09"]
[Round "6.1"]
[White "Karthikeyan, Murali"]
[Black "Sargsyan, Shant"]
[Result "0-1"]
[WhiteTitle "GM"]
[BlackTitle "GM"]
[WhiteElo "2637"]
[BlackElo "2646"]
[WhiteFideId "5074452"]
[BlackFideId "13306766"]
[EventDate "2024.12.03"]

1. e4 e5 2. Nf3 Nc6 3. Bb5 a6 4. Ba4 Nf6 5. O-O Be7 6. d3 b5 7. Bb3 d6 8. a3 a5
9. a4 b4 10. Nbd2 O-O 11. Re1 Rb8 12. h3 h6 13. Nc4 Be6 14. Be3 Qc8 15. d4 exd4
16. Nxd4 Nxd4 17. Bxd4 Qa6 18. Qd3 c5 19. Be3 Rbc8 20. Rad1 Rfd8 21. Bc1 Bf8 22.
Qf1 g6 23. f4 d5 24. f5 gxf5 25. exd5 Nxd5 26. Rd3 Bg7 27. Rg3 Kh7 28. Qf3 Ne7
29. Qh5 Ng6 30. Nb6 Bxb3 31. Nxc8 Bxc2 32. Ne7 Re8 33. Re2 f4 34. Bxf4 Nxf4 35.
Rxg7+ Kxg7 36. Qg4+ Ng6 0-1

[Event "Qatar Masters Open 2024"]
[Site "Doha QAT"]
[Date "2024.12.09"]
[Round "6.3"]
[White "Raja, Rithvik R"]
[Black "Esipenko, Andrey"]
[Result "0-1"]
[WhiteTitle "GM"]
[BlackTitle "GM"]
[WhiteElo "2521"]
[BlackElo "2682"]
[WhiteFideId "35007394"]
[BlackFideId "24175439"]
[EventDate "2024.12.03"]

1. d4 Nf6 2. c4 e6 3. Nf3 b6 4. g3 Bb7 5. Bg2 Be7 6. O-O O-O 7. Nc3 Ne4 8. Bd2
f5 9. Ne5 d6 10. Nd3 Qe8 11. Nxe4 Bxe4 12. Bxe4 fxe4 13. Nf4 Bg5 14. Ng2 Bf6 15.
Be3 c5 16. dxc5 dxc5 17. Qc2 Qg6 18. Rad1 Qf5 19. h3 h5 20. Nf4 Nc6 21. b3 Rae8
22. h4 Bd4 23. Ng2 Qg4 24. Kh2 e5 25. Qd2 Rf5 26. Ne1 Ref8 27. f3 exf3 28. exf3
Qg6 29. Bg5 e4 30. Bf4 Rxf4 31. gxf4 e3 32. Qe2 Rxf4 33. Ng2 Be5 34. Kh1 Qg3 35.
Nxf4 Bxf4 36. Qg2 Qxg2+ 37. Kxg2 e2 38. Rd5 exf1=Q+ 39. Kxf1 Ne5 40. Rd8+ Kf7
41. Ra8 Nc6 42. Rc8 Ne7 43. Ra8 a5 44. Ra7 Bd2 45. Ke2 Bb4 46. Kd3 Kf6 47. Ke4
Nf5 48. Ra6 g6 49. Rxb6+ Kg7 50. Rb7+ Kh6 51. Rc7 Nxh4 52. f4 Nf5 53. Kf3 Nd4+
54. Kg3 g5 55. fxg5+ Kxg5 56. Rg7+ Kf6 57. Rd7 Ne2+ 58. Kf3 Nc1 59. Kf4 Nxa2 60.
Rd6+ Ke7 61. Ke5 Nc1 62. Re6+ Kd7 63. Rd6+ Kc7 64. Rh6 Nxb3 65. Rh7+ Kc6 66.
Rh6+ Kd7 67. Rh7+ Ke8 68. Ke6 Nd4+ 0-1

[Event "Qatar Masters Open 2024"]
[Site "Doha QAT"]
[Date "2024.12.09"]
[Round "6.4"]
[White "Daneshvar, Bardiya"]
[Black "Salem, A.R. Saleh"]
[Result "0-1"]
[WhiteTitle "GM"]
[BlackTitle "GM"]
[WhiteElo "2600"]
[BlackElo "2622"]
[WhiteFideId "12576468"]
[BlackFideId "9301348"]
[EventDate "2024.12.03"]

1. c4 c5 2. g3 g6 3. Bg2 Bg7 4. Nc3 Nc6 5. Rb1 e6 6. a3 Nge7 7. b4 d5 8. bxc5
O-O 9. Nf3 dxc4 10. O-O Rb8 11. Bb2 e5 12. Qa4 Na5 13. Ne4 Bd7 14. Qc2 Nec6 15.
Nd6 Be6 16. h4 h6 17. h5 g5 18. Nf5 Bxf5 19. Qxf5 Re8 20. Nh2 Qc8 21. Qe4 Nd4
22. Bc3 Nab3 23. Bxd4 exd4 24. Qc2 Qe6 25. Bf3 Nxc5 26. Rb5 b6 27. Bg4 Qd5 28.
Bf3 Qe6 29. Bg4 Qd5 30. Bf3 d3 31. Qa2 Qd7 32. Qxc4 dxe2 33. Re1 a6 34. Rbb1 Nd3
35. Rxe2 Rxe2 36. Bxe2 Nxf2 37. Rc1 Bd4 38. Qc7 Qh3 39. Qxb8+ Kh7 40. Qd6 Ng4+
41. Qxd4 Qxg3+ 0-1